|
|
|
แสดงรายละเอียดบรรณานุกรม |
|
|
Brief Record
: Get Marc (ISO 2709)
: E-mail record
: |
|
|
| LEADER 01174nam 2200277 a 4500 | |||
| 001 13399139948 | |||
| 003 ULIBM | |||
| 008 030417s|||| caua sb 001 0 eng | |||
| 099 ^aGen-0362 | |||
| 100 ^aธนานันท์ ตรงดี พร้อมคณะ | |||
| 245 ^aภาษาไทย ในบริบทของสังคมและวัฒนธรรม | |||
| 260 ^a2554 | |||
| 913 ^aImported by ULIBM Administrator | |||
| 949 ^aImport form external file by ULIBM system | |||
| คุณยังไม่ได้ล็อกอิน คุณสามารถมีกิจกรรมร่วมกับเว็บไซต์ได้ แต่ต้องล็อกอินก่อน :: |
|
| สถานะ | |||||||||
| 1. | หนังสือ | Gen-0362 Barcode: 130342 | ►หนังสือทั่วไป | On Shelf | |||||
| [แสดง 1/1 รายการ] | |||||||||
| รายการใกล้เคียง ชื่อเรื่อง [ภาษาไทย ในบริบทของสังคมและวัฒนธรรม] ผู้แต่ง [ธนานันท์ ตรงดี พร้อมคณะ] |
BibComment |
| คอมเมนท์ทรัพยากรรายการนี้ |
|
|